000 00320nam a22001217a 4500
020 _a0-13-487876-0
082 _a004.16 LEV'I
100 _aLEVENTHAL, LANCE A
_976844
245 _aINTRODUCTION TO MICROPROCESSORS SOFTWARE HARDWARE PROGRAMMING
260 _aLONDON
_bPRENTICE HALL
_c1978
300 _a622P
942 _cBK
999 _c582160
_d582160